| 000 | 00588nam a2200205Ia 4500 | ||
|---|---|---|---|
| 003 | OSt | ||
| 005 | 20230829104413.0 | ||
| 008 | 221216s9999||||xx |||||||||||||| ||und|| | ||
| 020 | _a0 07 288041 4 | ||
| 040 | _cChuka University Library | ||
| 050 |
_aHM, 821 _b.M37 2005 |
||
| 100 |
_aMarger Martin N _91709 |
||
| 245 | 0 | _aSocial Inequality: Patterns and processes | |
| 250 | _aThird edition | ||
| 260 |
_aBoston _bMcGraw-Hill _c2005 |
||
| 300 |
_a434p _bIllustrations |
||
| 650 |
_aEquality _xSocial classes _912368 |
||
| 650 |
_aSocial structure _xMarginality _912369 |
||
| 942 |
_cBK _2lcc |
||
| 999 |
_c2474 _d2474 |
||